[Event "SRB-chT3 West CS"]
[Site "Serbia"]
[Date "2017.10.13"]
[Round "7.2"]
[White "Drcelic, Sreten"]
[Black "Percevic, Velimir"]
[Result "1-0"]
[WhiteElo "2230"]
[BlackElo "1822"]
[PlyCount "63"]
[EventDate "2017.09.03"]
[EventType "team-tourn"]
[EventRounds "11"]
[EventCountry "SRB"]
[SourceTitle "EXT 2021"]
[Source "ChessBase"]
[SourceDate "2020.10.23"]
[SourceVersion "1"]
[SourceVersionDate "2020.10.23"]
[SourceQuality "1"]

1. Nf3 d5 2. d3 Nc6 3. c3 Nf6 4. Nbd2 e5 5. e4 dxe4 6. dxe4 Bg4 7. Qc2 Bd6 8. Be2 0-0 9. Nc4 Re8 10. Bg5 h6 11. Bh4 g5 12. Bg3 Nh5 13. h4 Nxg3 14. fxg3 Bxf3 15. Bxf3 Kg7 16. 0-0-0 Qe7 17. Ne3 Qd8 18. Nf5+ Kh7 19. Qd2 Bc5 20. hxg5 Qxd2+ 21. Rxd2 Re6 22. Rd7 Ne7 23. Bg4 Rf8 24. b4 Bd6 25. Nxd6 Rxd6 26. Rxe7 Rd3 27. Bf5+ Kg8 28. Kc2 Rxg3 29. gxh6 Rxg2+ 30. Kb3 a5 31. bxa5 Ra8 32. Rxc7 1-0

[Event "SRB-chT2 West"]
[Site "Kragujevac"]
[Date "2015.10.10"]
[Round "10.4"]
[White "Drcelic, Sreten"]
[Black "Marjanovic, Ivan D"]
[Result "1/2-1/2"]
[WhiteElo "2254"]
[BlackElo "1985"]
[PlyCount "31"]
[EventDate "2015.09.04"]
[EventType "team-tourn"]
[EventRounds "11"]
[EventCountry "SRB"]
[SourceTitle "EXT 2022"]
[Source "ChessBase"]
[SourceDate "2021.10.06"]
[SourceVersion "1"]
[SourceVersionDate "2021.10.06"]
[SourceQuality "1"]

1. Nf3 d5 2. g3 c6 3. Bg2 Nf6 4. 0-0 Bf5 5. d3 e6 6. c3 Nbd7 7. Qc2 Be7 8. Nh4 Bg6 9. Nxg6 hxg6 10. Nd2 0-0 11. e4 dxe4 12. dxe4 Nc5 13. Nb3 Qc7 14. Bf4 e5 15. Be3 Nxb3 16. axb3 1/2-1/2

[Event "MNT-chTB"]
[Site "Andrijevica"]
[Date "2012.09.16"]
[Round "4"]
[White "Drcelic, Sreten"]
[Black "Krstonijevic, Stjepan"]
[Result "0-1"]
[WhiteElo "2203"]
[BlackElo "2014"]
[PlyCount "58"]
[EventDate "2012.09.14"]
[EventType "team-tourn"]
[EventRounds "9"]
[EventCountry "MNE"]
[SourceTitle "CBM 150 Extra"]
[Source "ChessBase"]
[SourceDate "2012.10.19"]
[SourceVersion "1"]
[SourceVersionDate "2012.10.19"]
[SourceQuality "1"]

1. e4 c5 2. Nf3 e6 3. d3 Nc6 4. c3 Nf6 5. Bg5 Be7 6. Qc2 d5 7. Nbd2 0-0 8. e5 Nd7 9. Bxe7 Qxe7 10. d4 cxd4 11. cxd4 Qb4 12. Qc3 f6 13. exf6 Nxf6 14. Bd3 Bd7 15. a3 Qd6 16. b4 Rac8 17. Qb2 Qf4 18. 0-0 Ne4 19. Nb3 Rf6 20. Qc1 Qg4 21. Qe3 Rcf8 22. Be2 Rg6 23. Ne1 Qh4 24. g3 Qh3 25. Ng2 Rh6 26. Nh4 Rff6 27. Bf3 Rxh4 28. gxh4 Rxf3 29. Qe2 Rxb3 0-1

[Event "FRM-chT2 20th"]
[Site "Andrijevica"]
[Date "2011.09.25"]
[Round "7"]
[White "Stojanovic, Slobodan"]
[Black "Drcelic, Sreten"]
[Result "0-1"]
[WhiteElo "1919"]
[BlackElo "2235"]
[PlyCount "100"]
[EventDate "2011.09.09"]
[EventType "team"]
[EventRounds "7"]
[EventCountry "MNE"]
[SourceTitle "CBM 144 Extra"]
[Source "ChessBase"]
[SourceDate "2011.10.28"]
[SourceVersion "1"]
[SourceVersionDate "2011.10.28"]
[SourceQuality "1"]

1. e4 d6 2. d4 c6 3. Nf3 Nd7 4. c4 e5 5. Be2 Ngf6 6. Nc3 Be7 7. a3 a5 8. d5 Nc5 9. Qc2 a4 10. Be3 Nb3 11. Rd1 Qa5 12. 0-0 c5 13. Bd2 Qb6 14. h3 Bd7 15. g4 g6 16. Bh6 Bf8 17. Bxf8 Kxf8 18. Kg2 Kg7 19. Rg1 Rae8 20. Bd3 Qd8 21. Ne2 Qc8 22. Nc1 Bxg4 23. Nxb3 Bxh3+ 24. Kh2 axb3 25. Qxb3 Bd7 26. Rg2 Nh5 27. Rh1 Bh3 28. Rg5 Bg4 29. Nh4 Kf6 30. Rxh5 Bxh5 31. Rg1 Bg4 32. Bf1 Bd7 33. Qf3+ Ke7 34. b4 b6 35. Qe3 f6 36. f4 exf4 37. Qd3 g5 38. Nf3 h5 39. e5 dxe5 40. d6+ Kf7 41. Rxg5 fxg5 42. Nxg5+ Kg7 43. Qd5 Rhf8 44. Bh3 Bxh3 45. Nxh3 Qe6 46. d7 Qxd5 47. dxe8N+ Rxe8 48. cxd5 Rd8 49. bxc5 bxc5 50. d6 Rxd6 0-1

[Event "FRM-chT2 20th"]
[Site "Andrijevica"]
[Date "2011.09.09"]
[Round "1"]
[White "Drcelic, Sreten"]
[Black "Skenderovic, Ismet"]
[Result "1/2-1/2"]
[WhiteElo "2235"]
[BlackElo "2140"]
[PlyCount "143"]
[EventDate "2011.09.09"]
[EventType "team"]
[EventRounds "7"]
[EventCountry "MNE"]
[SourceTitle "CBM 144 Extra"]
[Source "ChessBase"]
[SourceDate "2011.10.28"]
[SourceVersion "1"]
[SourceVersionDate "2011.10.28"]
[SourceQuality "1"]

1. e4 d5 2. exd5 Qxd5 3. Nc3 Qa5 4. Nf3 Bg4 5. Be2 Nf6 6. 0-0 e6 7. d3 c6 8. Nd4 Bxe2 9. Qxe2 Bd6 10. Nxe6 fxe6 11. Qxe6+ Be7 12. Qc8+ Qd8 13. Qxb7 Nbd7 14. Qxc6 0-0 15. Bf4 Qb6 16. Nd5 Qc5 17. Nxe7+ Qxe7 18. Bd6 Qe6 19. Rae1 Qxa2 20. Bxf8 Rxf8 21. b4 Qb2 22. c3 Qd2 23. d4 Qf4 24. f3 Nb6 25. Re7 Nbd5 26. Re5 Rd8 27. Re2 h6 28. Rfe1 Kh7 29. Qa6 Qc7 30. Qd3+ Kh8 31. Rc2 Rc8 32. Rec1 Re8 33. Ra1 Re3 34. Qd2 Rxc3 35. Rxc3 Nxc3 36. Qd3 Nfd5 37. Re1 Qd7 38. Re5 Nb5 39. Qc4 Ndc3 40. d5 Qf7 41. Qc5 Qf4 42. Qc8+ Kh7 43. Qf5+ Qxf5 44. Rxf5 Kg6 45. Re5 Kf6 46. f4 Na2 47. Re6+ Kf7 48. f5 Nc7 49. Rd6 Ke7 50. Rg6 Nxd5 51. Rxg7+ Kf6 52. Rxa7 Naxb4 53. Rh7 Kg5 54. h3 Nf6 55. Rb7 Nbd5 56. g4 Kf4 57. Rg7 Kg3 58. g5 hxg5 59. Rxg5+ Kxh3 60. Rg6 Kh4 61. Kf2 Kh5 62. Kf3 Kh4 63. Rg7 Kh5 64. Ke2 Ng4 65. Kd3 Ndf6 66. Kd4 Kh4 67. Kc5 Kg3 68. Rxg4+ Nxg4 69. Kd6 Kf4 70. Ke6 Kg5 71. f6 Nxf6 72. Ke5 1/2-1/2

[Event "SRB-chT2 West"]
[Site "Serbia"]
[Date "2009.10.10"]
[Round "9.3"]
[White "Drcelic, Sreten"]
[Black "Vasic, Vladimir"]
[Result "1/2-1/2"]
[WhiteElo "2223"]
[BlackElo "2180"]
[PlyCount "64"]
[EventDate "2009.09.06"]
[EventType "team"]
[EventRounds "11"]
[EventCountry "SRB"]
[SourceTitle "EXT 2012"]
[Source "ChessBase"]
[SourceDate "2011.11.24"]
[SourceVersion "1"]
[SourceVersionDate "2011.11.24"]
[SourceQuality "1"]

1. Nf3 c5 2. d3 d5 3. Nbd2 Nc6 4. c3 e5 5. e4 Be6 6. Be2 f6 7. Qc2 Rc8 8. 0-0 Qd7 9. Re1 Nge7 10. Nf1 h5 11. c4 d4 12. a3 h4 13. N3d2 g5 14. Qd1 Ng6 15. Bh5 Qh7 16. Bg4 Nf4 17. Bxe6 Nxe6 18. h3 Qd7 19. Nh2 Bd6 20. Ng4 Kf7 21. Nf3 Ne7 22. Rb1 Ng6 23. Kh1 Ngf4 24. Bxf4 Nxf4 25. Ng1 Kg6 26. Ne2 Nh5 27. f3 a6 28. Qc2 Ng7 29. Nc1 Ne6 30. Nf2 Nf4 31. Ne2 Nh5 32. Ng4 Ng7 1/2-1/2

[Event "SRB-chT2 West"]
[Site "Serbia"]
[Date "2009.10.08"]
[Round "6.3"]
[White "Dragicevic, Dragan"]
[Black "Drcelic, Sreten"]
[Result "0-1"]
[WhiteElo "2199"]
[BlackElo "2223"]
[PlyCount "119"]
[EventDate "2009.09.06"]
[EventType "team"]
[EventRounds "11"]
[EventCountry "SRB"]
[SourceTitle "EXT 2012"]
[Source "ChessBase"]
[SourceDate "2011.11.24"]
[SourceVersion "1"]
[SourceVersionDate "2011.11.24"]
[SourceQuality "1"]

1. d4 d6 2. c4 c6 3. Nc3 Nd7 4. Nf3 e5 5. Bg5 Qc7 6. e3 Ngf6 7. Qc2 g6 8. Be2 Bg7 9. h3 0-0 10. 0-0 Re8 11. Rfd1 a5 12. Rac1 b6 13. d5 c5 14. Nb5 Qb8 15. Nd2 Ba6 16. e4 Kh8 17. Qd3 Ng8 18. g4 f6 19. Be3 Bh6 20. Bxh6 Nxh6 21. h4 Kg7 22. Kg2 Nf7 23. Qh3 Qd8 24. Rh1 Rh8 25. Rc3 Bc8 26. Qg3 Nb8 27. Rcc1 Na6 28. a3 Qe7 29. Rcg1 Bd7 30. f3 Rag8 31. Bd3 Kf8 32. Kf2 Ke8 33. Ke2 Kd8 34. Qf2 Kc8 35. Na7+ Kb7 36. Nc6 Bxc6 37. dxc6+ Kxc6 38. Nb1 Nd8 39. Nc3 Ne6 40. Nd5 Qg7 41. Rb1 Nd4+ 42. Kd2 Ra8 43. Qe3 Nc7 44. Nc3 Rhb8 45. a4 Rf8 46. Rbf1 Qd7 47. Rhg1 Nce6 48. Bc2 Kb7 49. b3 Rae8 50. Nd5 Nc7 51. Nc3 Na6 52. Nd5 Nb4 53. Nxb4 axb4 54. Qh6 Rf7 55. Qe3 Ka6 56. Rg2 Ne6 57. Kc1 Qc6 58. Kb2 Ref8 59. Rfg1 Nd4 60. Bd3 0-1